LIBRARY & INFORMATION CENTRE, KCAET, TAVANUR

ONLINE PUBLIC ACCESS CATALOGUE (OPAC)

Swargapuri / (Record no. 12885)

MARC details
000 -LEADER
fixed length control field 00415cam a2200181ua 4500
041 ## - LANGUAGE CODE
Language code of text/sound track or separate title mal
082 ## - DEWEY DECIMAL CLASSIFICATION NUMBER
Classification number 894.812308
Item number KHA/SW
100 ## - MAIN ENTRY--AUTHOR NAME
Personal name Khatri, D P .
245 ## - TITLE STATEMENT
Title Swargapuri /
250 ## - EDITION STATEMENT
Edition statement 1 /
260 ## - PUBLICATION, DISTRIBUTION, ETC. (IMPRINT)
Place of publication Calicut :
Name of publisher Deshabhimani ,
Year of publication 1967.
300 ## - PHYSICAL DESCRIPTION
Number of Pages 524 ; .
942 ## - ADDED ENTRY ELEMENTS (KOHA)
Koha item type Books
Holdings
Withdrawn status Lost status Damaged status Home library Current library Date acquired Full call number Accession Number Koha item type
Withdrawn     KAUAET KAUAET 07/04/2012 894.812308 9321 Books
free website counter